Is cross border e-commerce growing?

Guardado en:
Detalles Bibliográficos
Autor principal: Hasan, Jamal
Formato: Capítulo de libro
Lenguaje:inglés
Etiquetas: Agregar Etiqueta
Sin Etiquetas, Sea el primero en etiquetar este registro!

MARC

LEADER 00000nla$a2200000$$$4500
001 0146162
005 20240530082512.9
041 0 |a eng 
044 |a SK 
245 1 0 |a Is cross border e-commerce growing?  |c Jamal Hasan 
100 1 |a Hasan, Jamal